| 000 | 00616nam a2200205Ia 4500 | ||
|---|---|---|---|
| 005 | 20260429111955.0 | ||
| 008 | 260429s9999||||xx |||||||||||||| ||und|| | ||
| 020 | _a9789811254819 | ||
| 041 | _aEnglish | ||
| 082 |
_a621.38152 _bRUZ |
||
| 100 | _aRuzyllo, Jerzy | ||
| 245 | 0 |
_aGuide to characteristics and characterization of semiconductor surfaces / _cJerzy Ruzyllo |
|
| 260 |
_aSingapore : _bWorld Scientific Publishing, _c2025. |
||
| 300 | _axv, 201 p.; hb | ||
| 650 | _a Electrical engineering | ||
| 650 | _a Electronics | ||
| 650 | _a Semiconductor surfaces | ||
| 650 | _aApplied physics | ||
| 942 | _cTB | ||
| 999 |
_c51694 _d51694 |
||